| 000 | 00664nam a22002057a 4500 | ||
|---|---|---|---|
| 003 | OSt | ||
| 005 | 20230118114901.0 | ||
| 008 | 221006b |||||||| |||| 00| 0 eng d | ||
| 040 | _cBiblioteca Lado V | ||
| 082 |
_a708 _bN738a |
||
| 100 |
_987 _aNjami, Simon _ecurador |
||
| 245 | _aAfrica Remix L'Exposition | The Exhibition/ | ||
| 260 |
_bCentre Paompidou _c2005 _aParis |
||
| 300 |
_a60p. _c27x27cm |
||
| 650 |
_2Tesauro de Arte & Arquitectura _aEXHIBICION |
||
| 650 |
_2Tesauro de Arte & Arquitectura _aARTE |
||
| 650 |
_2Tesauro de Arte & Arquitectura _aCATALOGO |
||
| 700 |
_aEspinel, Monica _etextos |
||
| 942 |
_2ddc _c1 _h708 _iN738a _n0 |
||
| 999 |
_c2815 _d2815 |
||